Statistiken für Länder mit höchster Gefährdung durch Naturkatastrophen

Klicken Sie hier um das Quiz zu spielen!

Allgemein

  • Dieses Quiz wurde 132 mal gespielt
  • Das Durchschnittsergebnis liegt bei 6 aus 15

Antwortstatistiken

GefährdungsindexLand% Korrekt
25,14%Philippinen
77%
50,28%Vanuatu
57%
16,58%Fidschi
56%
23,29%Salomonen
54%
29,42%Tonga
53%
20,88%Papua-Neuguinea
50%
15,42%Kiribati
48%
17,38%Bangladesch
46%
16,05%Osttimor
32%
18,82%Brunei
31%
16,07%Kambodscha
30%
16,56%Costa Rica
19%
20,60%Guatemala
19%
15,95%El Salvador
17%
23,23%Guyana
10%

Verteilung der Resultate

Perzentil nach korrekt beantworteten Fragen

Anzahl Personen mit jedem Resultat

Ihre Resultats-Entwicklung

Sie haben dieses Quiz noch nicht gespielt